MARC details
| 000 -LEADER |
| fixed length control field |
01777nam a2200433Ii 4500 |
| 001 - CONTROL NUMBER |
| control field |
1984508 |
| 003 - CONTROL NUMBER IDENTIFIER |
| control field |
OSt |
| 005 - DATE AND TIME OF LATEST TRANSACTION |
| control field |
20250901093513.0 |
| 008 - FIXED-LENGTH DATA ELEMENTS--GENERAL INFORMATION |
| fixed length control field |
180508t20182018nyu e 000 1 eng d |
| 020 ## - INTERNATIONAL STANDARD BOOK NUMBER |
| International Standard Book Number |
9781335543745 |
| Qualifying information |
(paperback) |
| 020 ## - INTERNATIONAL STANDARD BOOK NUMBER |
| International Standard Book Number |
1335543740 |
| Qualifying information |
(paperback) |
| 035 ## - SYSTEM CONTROL NUMBER |
| System control number |
(OCoLC)1035016656 |
| 040 ## - CATALOGING SOURCE |
| Original cataloging agency |
GO4 |
| Language of cataloging |
eng |
| Description conventions |
rda |
| Transcribing agency |
GO4 |
| Modifying agency |
IFA |
| 049 ## - LOCAL HOLDINGS (OCLC) |
| Holding library |
IFAA |
| 999 ## - SYSTEM CONTROL NUMBERS (KOHA) |
| Koha Dewey Subclass [OBSOLETE] |
CHRISTIAN FICTION SCOTT |
| 100 1# - MAIN ENTRY--PERSONAL NAME |
| Personal name |
Scott, Laura, |
| Dates associated with a name |
1961- |
| Relator term |
author. |
| 245 10 - TITLE STATEMENT |
| Title |
Primary suspect / |
| Statement of responsibility, etc. |
Laura Scott. |
| 264 #1 - PRODUCTION, PUBLICATION, DISTRIBUTION, MANUFACTURE, AND COPYRIGHT NOTICE |
| Place of production, publication, distribution, manufacture |
New York : |
| Name of producer, publisher, distributor, manufacturer |
Love Inspired Books, |
| Date of production, publication, distribution, manufacture, or copyright notice |
[2018] |
| 264 #4 - PRODUCTION, PUBLICATION, DISTRIBUTION, MANUFACTURE, AND COPYRIGHT NOTICE |
| Date of production, publication, distribution, manufacture, or copyright notice |
♭2018 |
| 300 ## - PHYSICAL DESCRIPTION |
| Extent |
281 pages ; |
| Dimensions |
17 cm. |
| 336 ## - CONTENT TYPE |
| Content type term |
text |
| Content type code |
txt |
| Source |
rdacontent |
| 337 ## - MEDIA TYPE |
| Media type term |
unmediated |
| Media type code |
n |
| Source |
rdamedia |
| 338 ## - CARRIER TYPE |
| Carrier type term |
volume |
| Carrier type code |
nc |
| Source |
rdacarrier |
| 490 1# - SERIES STATEMENT |
| Series statement |
Love inspired suspense. Larger print |
| 490 1# - SERIES STATEMENT |
| Series statement |
Callahan confidential |
| 520 ## - SUMMARY, ETC. |
| Summary, etc. |
"When fire investigator Mitch Callahan is attacked at a crime scene, he's shocked to uncover the body of a slain ex-girlfriend--and realize someone's framing him for murder. Widowed ER nurse Dana Petrie believes Mitch is innocent, and not just because he makes her feel alive again after tragedy marred her past. But is she willing to risk everything only to love and lose again?"--Page 4 of cover. |
| 650 #0 - SUBJECT ADDED ENTRY--TOPICAL TERM |
| Topical term or geographic name as entry element |
Nurses |
| Form subdivision |
Fiction. |
| 650 #0 - SUBJECT ADDED ENTRY--TOPICAL TERM |
| Topical term or geographic name as entry element |
Fire investigation |
| Form subdivision |
Fiction. |
| 650 #0 - SUBJECT ADDED ENTRY--TOPICAL TERM |
| Topical term or geographic name as entry element |
Man-woman relationships |
| Form subdivision |
Fiction. |
| 650 #0 - SUBJECT ADDED ENTRY--TOPICAL TERM |
| Topical term or geographic name as entry element |
Murder |
| Form subdivision |
Fiction. |
| 655 #7 - INDEX TERM--GENRE/FORM |
| Genre/form data or focus term |
Christian fiction. |
| Source of term |
lcgft |
| 655 #7 - INDEX TERM--GENRE/FORM |
| Genre/form data or focus term |
Romance fiction. |
| Source of term |
lcgft |
| 655 #7 - INDEX TERM--GENRE/FORM |
| Genre/form data or focus term |
Thrillers (Fiction) |
| Source of term |
lcgft |
| 800 1# - SERIES ADDED ENTRY--PERSONAL NAME |
| Personal name |
Scott, Laura, |
| Dates associated with a name |
1961- |
| Title of a work |
Callahan confidential. |
| 830 #0 - SERIES ADDED ENTRY--UNIFORM TITLE |
| Uniform title |
Love inspired suspense. |
| Name of part/section of a work |
Larger print. |
| 902 ## - LOCAL DATA ELEMENT B, LDB (RLIN) |
| a |
MARCIVE |
| 942 ## - ADDED ENTRY ELEMENTS (KOHA) |
| Koha item type |
Libro/Book |